000 00535cam a22001457a 4500
008 180718b1991 xxu||||| |||| 00| 0 eng d
082 _aBA27x5412 Sa59
100 _aSanyal, Annapurna
245 _aScheduled castes and scheduled tribes in Indian politics
_cby Annapurna Sanyal
260 _aCalcutta
_bMinerva
_c1991
300 _a107p.
650 _aWest Bengal (India) --Politics and government.
650 _aWest Bengal (India) --Scheduled tribes --Political activity
650 _aDalits --India --West Bengal --Political activity
999 _c351299
_d351299